000 00545nam a22001937a 4500
999 _c5277
_d5277
003 GBCCL
005 20241126110537.0
008 180312b ||||| |||| 00| 0 eng d
020 _a0802423558
040 _cgbc
082 _a225.07
_bTEA
100 _aJames, Edgar C.
_99523
245 _aThe Epistles of Peter /
_cEdgar C. James
260 _aChicago:
_bMoody Press,
_c1964
300 _a48 p.;
_c22 cm.
440 _aTeach Yourself the Bible
_99498
650 _aBible
_vN. T.
_vThe Epistles of Peter
_xStudy & Teaching
_99524
942 _2ddc
_cBK